000 00630nam a2200193Ia 4500
003 GCL
008 140319s9999 xx 000 0 ara d
040 _aGCL /
_cGCL
082 0 4 _a254.1
_bا م
100 1 _aمحمد ناصر الدين الالبانى
245 1 0 _aاداب الزفاف فى السنة المطهرة /
_cمحمد ناصر الدين الالبانى
260 _a[S.N] :
_bالمكتبة الاسلامية
300 _a366 ص
490 _a
650 0 4 _aالحديث - احكام
650 0 4 _aالسنة - افعال الرسول
650 0 4 _aالمرأة فى الاسلام
942 _2ddc
_cBK
999 _c54386
_d54386